[Event "Runavik Open 2018"]
[Site "Runavik"]
[Date "2018.11.16"]
[Round "6"]
[White "Schadd, Jan"]
[Black "Fjallheim, Leif Reinert"]
[Result "1-0"]
[WhiteElo "1842"]
[BlackElo "1919"]
[Annotator "NA RC"]
[PlyCount "61"]
[EventDate "2018.11.12"]
[EventType "swiss"]
[EventCountry "FAI"]
[SourceTitle "playchess.com"]
[Source "ChessBase"]
[SourceQuality "1"]
[TimeControl "40/5400+30:900+30"]

{[%evp 14,53,42,53,56,32767,32767,32767,32767,32767,32767,-9,25,14,36,19,28,14,32767,32767,83,110,218,236,240,124,129,125,128,133,277,337,544,666,688,778,1003,1209,1197,1438,29995,29996]} 1. Nf3 {[%emt 0:00:00]} Nf6 {[%emt 0:00:00]} 2. g3 {[%emt 0:00:00]} g6 {[%emt 0:00:03]} 3. Bg2 {[%emt 0:00:07]} Bg7 {[%emt 0:00:17]} 4. d4 {[%emt 0:01:08]} d6 {[%emt 0:00:40] A49: 1 d4 Nf6 2 Nf3 g6 3 g3: Anti-King's Indian systems} (4... O-O 5. O-O d6 6. b3 a5 7. Bb2 a4 8. c4 c6 9. e3 Bg4 10. h3 Bxf3 11. Bxf3 Nbd7 12. Nc3 a3 13. Bc1 e5 14. dxe5 Nxe5 15. Bg2 {1-0 (42) Giri,A (2782)-Aronian,L (2767) chess.com INT 2018}) 5. Nc3 {[%emt 0:00:15]} O-O {[%emt 0:01:16]} 6. Bg5 {[%emt 0:01:49]} c6 {[%emt 0:05:08]} 7. e4 {[%emt 0:06:46]} b5 $146 {[%emt 0:03:29]} ({Predecessor:} 7... Qa5 8. O-O Bg4 9. Qc1 Nbd7 10. h3 Bxf3 11. Bxf3 Rfc8 12. a3 Qd8 {1-0 (47) Pilotte,B (1755)-Duclos,A (1875) Sherbrooke 2004}) 8. e5 {[%emt 0:02:39]} Nd5 {[%emt 0:03:57]} 9. Nxd5 {[%emt 0:06:33]} cxd5 {[%emt 0:00:08]} 10. exd6 {[%emt 0:00:08]} Qxd6 {[%emt 0:01:29]} 11. O-O {[%emt 0:00:08]} Bg4 {[%emt 0:09:12]} 12. Qd3 {[%emt 0:04:53]} Bxf3 {[%emt 0:04:36]} 13. Bxf3 {[%emt 0:01:43]} Qd7 {[%emt 0:05:56]} 14. c3 {[%emt 0:01:41]} a6 {[%emt 0:01:50]} 15. a4 {[%emt 0:07:52]} b4 {[%emt 0:06:17]} 16. c4 {[%emt 0:08:46]} Nc6 {[%emt 0:17:39]} 17. Bxd5 {[%emt 0:06:48]} Bxd4 {[%emt 0:03:37] [#]} (17... Nxd4 $16 {was called for.} 18. Bxa8 Rxa8) 18. Rad1 $1 {[%emt 0:03:58]} e5 {[%emt 0:02:08]} 19. Qe4 {[%emt 0:03:15]} (19. Qf3 $18 Rac8 20. Bh6) 19... Rac8 {[%emt 0:05:28]} 20. Bf6 {[%emt 0:04:06]} Qf5 {[%emt 0:06:04]} ({Better is} 20... Bxb2 $14 21. f4 Qf5 22. Qxf5 gxf5) 21. Qh4 {[%emt 0:03:52]} h5 {[%emt 0:07:52] [#]} (21... Qh5 $16) 22. h3 $1 {[%emt 0:02:48]} g5 $2 {[%emt 0:05:01]} (22... Bb6 23. Be4 Qe6) 23. Bxg5 {[%emt 0:01:28]} Qg6 {[%emt 0:01:41]} 24. Bf6 {[%emt 0:01:48]} Nd8 {[%emt 0:00:20]} 25. Be4 {[%emt 0:05:40]} Qh6 {[%emt 0:00:14]} 26. g4 {[%emt 0:01:25]} Qf4 {[%emt 0:01:32]} 27. Qxh5 {[%emt 0:00:22]} Bxf2+ {[%emt 0:03:41]} 28. Rxf2 {[%emt 0:00:39]} Qg3+ {[%emt 0:00:09]} 29. Kh1 {[%emt 0:00:16]} Qh2+ {[%emt 0:00:20]} 30. Kxh2 {[%emt 0:00:14]} Ne6 {[%emt 0:00:06]} 31. Qh7# {[%emt 0:00:12]} 1-0

[Event "Runavik Open 2018"]
[Site "Runavik"]
[Date "2018.11.16"]
[Round "6"]
[White "Pinheiro Diamant, Jonatan"]
[Black "Nielsen, Jon I Horni"]
[Result "1-0"]
[WhiteElo "1789"]
[BlackElo "1710"]
[Annotator "NA RC"]
[PlyCount "81"]
[EventDate "2018.11.12"]
[EventType "swiss"]
[EventCountry "FAI"]
[SourceTitle "playchess.com"]
[Source "ChessBase"]
[SourceQuality "1"]
[TimeControl "40/5400+30:900+30"]

1. e4 {[%emt 0:00:00]} e5 {[%emt 0:00:30]} 2. Nf3 {[%emt 0:00:00]} Nc6 {[%emt 0:01:22]} 3. Bb5 {[%emt 0:00:00]} a6 {[%emt 0:01:34]} 4. Ba4 {[%emt 0:00:00]} b5 {[%emt 0:02:41]} 5. Bb3 {[%emt 0:00:00]} Nf6 {[%emt 0:01:46]} 6. O-O {[%emt 0:00:00]} d6 {[%emt 0:02:34]} 7. Ng5 {[%emt 0:00:06]} d5 {[%emt 0:03:13]} 8. exd5 {[%emt 0:00:07]} Nd4 {[%emt 0:01:22]} 9. Nc3 {[%emt 0:00:58]} Bd6 {[%emt 0:03:53]} 10. Re1 {[%emt 0:09:33]} O-O {[%emt 0:02:19]} 11. Nce4 {[%emt 0:06:53]} h6 {[%emt 0:06:19]} 12. Nxd6 {[%emt 0:07:00]} cxd6 {[%emt 0:01:53]} 13. Ne4 {[%emt 0:02:06]} Nxe4 {[%emt 0:03:12]} 14. Rxe4 {[%emt 0:00:13]} f5 {[%emt 0:00:46]} 15. Rxd4 {[%emt 0:10:29]} exd4 {[%emt 0:00:15]} 16. d3 {[%emt 0:02:12]} Qh4 {[%emt 0:04:28]} 17. g3 {[%emt 0:07:33]} Qf6 {[%emt 0:01:57]} 18. Bd2 {[%emt 0:03:58]} Bd7 {[%emt 0:04:35]} 19. Qf3 {[%emt 0:03:01]} Rae8 {[%emt 0:02:59]} 20. Bb4 {[%emt 0:05:15]} g5 {[%emt 0:06:00]} 21. a4 {[%emt 0:08:51]} f4 {[%emt 0:03:12]} 22. axb5 {[%emt 0:02:15]} axb5 {[%emt 0:02:55]} 23. Ra6 {[%emt 0:02:15]} Bh3 {[%emt 0:01:48]} 24. g4 {[%emt 0:02:30]} Ra8 {[%emt 0:02:29]} 25. Ra3 {[%emt 0:02:34]} Rae8 {[%emt 0:04:58]} 26. Qxh3 {[%emt 0:00:54]} f3 {[%emt 0:00:56]} 27. Ra6 {[%emt 0:03:05]} Qf4 {[%emt 0:01:20]} 28. Rxd6 {[%emt 0:03:28]} Ra8 {[%emt 0:08:25]} 29. Re6 {[%emt 0:04:34]} Ra1+ {[%emt 0:01:04]} 30. Re1 {[%emt 0:01:09]} Rfa8 {[%emt 0:00:40]} 31. Qh5 {[%emt 0:03:11]} Kh7 {[%emt 0:02:59]} 32. h3 {[%emt 0:04:08]} Rxe1+ {[%emt 0:00:35]} 33. Bxe1 {[%emt 0:00:02]} Ra1 {[%emt 0:00:09]} 34. Qe8 {[%emt 0:00:37]} Qd2 {[%emt 0:03:49]} 35. Kf1 {[%emt 0:01:35]} Rd1 {[%emt 0:02:32]} 36. d6 {[%emt 0:03:00]} Qe2+ {[%emt 0:00:29]} 37. Qxe2 {[%emt 0:00:04]} fxe2+ {[%emt 0:00:15]} 38. Kxe2 {[%emt 0:00:02]} Ra1 {[%emt 0:00:09]} 39. d7 {[%emt 0:00:50]} Ra8 {[%emt 0:00:02]} 40. Be6 {[%emt 0:00:00]} Rd8 {[%emt 0:00:00]} 41. Ba5 {[%emt 0:00:56]} 1-0

[Event "Runavik Open 2018"]
[Site "Runavik"]
[Date "2018.11.16"]
[Round "6"]
[White "Olsen, Kaj"]
[Black "Fjallheim, Benjamin Reinert"]
[Result "0-1"]
[WhiteElo "1718"]
[BlackElo "1340"]
[Annotator "NA RC"]
[PlyCount "62"]
[EventDate "2018.11.12"]
[EventType "swiss"]
[EventCountry "FAI"]
[SourceTitle "playchess.com"]
[Source "ChessBase"]
[SourceQuality "1"]
[TimeControl "40/5400+30:900+30"]

1. e4 {[%emt 0:01:05]} e5 {[%emt 0:00:00]} 2. Nf3 {[%emt 0:01:32]} Nc6 {[%emt 0:00:25]} 3. Bb5 {[%emt 0:00:48]} a6 {[%emt 0:00:33]} 4. Ba4 {[%emt 0:00:11]} b5 {[%emt 0:00:34]} 5. Bb3 {[%emt 0:00:08]} Nf6 {[%emt 0:00:45]} 6. O-O {[%emt 0:00:14]} Bc5 {[%emt 0:01:23]} 7. c3 {[%emt 0:00:49]} d6 {[%emt 0:00:44]} 8. h3 {[%emt 0:00:15]} O-O {[%emt 0:00:57]} 9. d4 {[%emt 0:02:02]} Ba7 {[%emt 0:01:03]} 10. Bg5 {[%emt 0:01:10]} h6 {[%emt 0:01:22]} 11. Bh4 {[%emt 0:00:37]} Bb7 {[%emt 0:02:38]} 12. Re1 {[%emt 0:01:19]} Re8 {[%emt 0:03:39]} 13. dxe5 {[%emt 0:23:01]} Nxe5 {[%emt 0:00:55]} 14. Nbd2 {[%emt 0:00:37]} Nd3 {[%emt 0:11:42]} 15. Bxf6 {[%emt 0:02:44]} Bxf2+ {[%emt 0:05:21]} 16. Kf1 {[%emt 0:00:30]} Qxf6 {[%emt 0:01:38]} 17. Re2 {[%emt 0:00:08]} Ba7 {[%emt 0:01:52]} 18. Qc2 {[%emt 0:03:17]} Nf4 {[%emt 0:09:32]} 19. Ree1 {[%emt 0:01:04]} c5 {[%emt 0:01:28]} 20. c4 {[%emt 0:01:05]} Ne6 {[%emt 0:04:45]} 21. Kg1 {[%emt 0:02:19]} Nd4 {[%emt 0:00:44]} 22. Qd3 {[%emt 0:00:58]} Nxf3+ {[%emt 0:02:36]} 23. Nxf3 {[%emt 0:00:16]} Qxb2 {[%emt 0:00:38]} 24. Qxd6 {[%emt 0:00:57]} Bxe4 {[%emt 0:01:28]} 25. Qxa6 {[%emt 0:01:25]} Bxf3 {[%emt 0:01:33]} 26. gxf3 {[%emt 0:02:26]} Qd4+ {[%emt 0:05:59]} 27. Kh1 {[%emt 0:01:45]} Rxe1+ {[%emt 0:01:20]} 28. Rxe1 {[%emt 0:00:11]} Qf2 {[%emt 0:01:28]} 29. Rg1 {[%emt 0:02:32]} Qxf3+ {[%emt 0:00:14]} 30. Rg2 {[%emt 0:00:09]} Qf1+ {[%emt 0:00:22]} 31. Kh2 {[%emt 0:01:38]} Bb8+ {[%emt 0:00:14]} 0-1

[Event "Runavik Open 2018"]
[Site "Runavik"]
[Date "2018.11.16"]
[Round "6"]
[White "Hojgaard, Brandur"]
[Black "Tummasarson, Flovin M."]
[Result "1-0"]
[WhiteElo "1708"]
[BlackElo "1378"]
[Annotator "NA RC"]
[PlyCount "91"]
[EventDate "2018.11.12"]
[EventType "swiss"]
[EventCountry "FAI"]
[SourceTitle "playchess.com"]
[Source "ChessBase"]
[SourceQuality "1"]
[TimeControl "40/5400+30:900+30"]

1. Nf3 {[%emt 0:00:00]} Nf6 {[%emt 0:00:00]} 2. d4 {[%emt 0:00:00]} d5 {[%emt 0:00:01]} 3. Bf4 {[%emt 0:00:12]} e6 {[%emt 0:00:47]} 4. e3 {[%emt 0:01:10]} c5 {[%emt 0:01:01]} 5. c3 {[%emt 0:00:13]} Nc6 {[%emt 0:00:44]} 6. Nbd2 {[%emt 0:00:54]} Bd7 {[%emt 0:02:33]} 7. Bd3 {[%emt 0:00:27]} Be7 {[%emt 0:00:57]} 8. h3 {[%emt 0:01:01]} O-O {[%emt 0:02:04]} 9. Qe2 {[%emt 0:01:09]} c4 {[%emt 0:04:40]} 10. Bc2 {[%emt 0:01:09]} b5 {[%emt 0:08:12]} 11. O-O {[%emt 0:02:08]} Qb6 {[%emt 0:05:15]} 12. e4 {[%emt 0:08:48]} b4 {[%emt 0:10:42]} 13. e5 {[%emt 0:20:58]} Ne8 {[%emt 0:09:12]} 14. Ng5 {[%emt 0:10:13]} Bxg5 {[%emt 0:05:36]} 15. Bxg5 {[%emt 0:00:23]} f6 {[%emt 0:00:37]} 16. exf6 {[%emt 0:08:17]} Nxf6 {[%emt 0:00:27]} 17. Nf3 {[%emt 0:01:39]} bxc3 {[%emt 0:02:52]} 18. bxc3 {[%emt 0:00:38]} Qc7 {[%emt 0:01:05]} 19. Qe3 {[%emt 0:04:08]} Nh5 {[%emt 0:05:09]} 20. Rfe1 {[%emt 0:04:22]} Rab8 {[%emt 0:05:35]} 21. Qd2 {[%emt 0:05:35]} Kh8 {[%emt 0:01:42]} 22. Rab1 {[%emt 0:00:48]} Rxb1 {[%emt 0:02:51]} 23. Bxb1 {[%emt 0:01:12]} a5 {[%emt 0:09:12]} 24. Qc2 {[%emt 0:05:33]} g6 {[%emt 0:00:49]} 25. Qd2 {[%emt 0:00:31]} Qb8 {[%emt 0:03:04]} 26. Bh6 {[%emt 0:05:42]} Rf7 {[%emt 0:01:34]} 27. Bc2 {[%emt 0:01:55]} Nf4 {[%emt 0:02:49]} 28. Rb1 {[%emt 0:05:12]} Qc7 {[%emt 0:01:27]} 29. Ng5 {[%emt 0:02:04]} Rf6 {[%emt 0:01:06]} 30. Nf3 {[%emt 0:00:31]} Nxh3+ {[%emt 0:01:20]} 31. Kf1 {[%emt 0:02:56]} Nf4 {[%emt 0:06:08]} 32. Ba4 {[%emt 0:03:07]} Nd3 {[%emt 0:01:21]} 33. Bc2 {[%emt 0:01:06]} Nf4 {[%emt 0:00:32]} 34. Qe3 {[%emt 0:00:39]} Kg8 {[%emt 0:04:11]} 35. Ne5 {[%emt 0:00:35]} Nh5 {[%emt 0:01:00]} 36. Nxd7 {[%emt 0:01:42]} Qxd7 {[%emt 0:00:10]} 37. Ba4 {[%emt 0:00:33]} Qd6 {[%emt 0:00:34]} 38. Bxc6 {[%emt 0:00:35]} Qxc6 {[%emt 0:00:07]} 39. Rb8+ {[%emt 0:00:33]} Kf7 {[%emt 0:00:17]} 40. g4 {[%emt 0:00:00]} Ng7 {[%emt 0:00:00]} 41. Qe5 {[%emt 0:04:51]} Ne8 {[%emt 0:03:38]} 42. Bg5 {[%emt 0:03:11]} Rf3 {[%emt 0:01:14]} 43. Kg2 {[%emt 0:01:01]} Rxc3 {[%emt 0:00:39]} 44. Qh8 {[%emt 0:00:45]} Rc2 45. Qxh7+ {[%emt 0:00:30]} Ng7 46. Qg8# {[%emt 0:00:30]} 1-0

[Event "Runavik Open 2018"]
[Site "Runavik"]
[Date "2018.11.16"]
[Round "6"]
[White "Markensten, Max"]
[Black "Apol, Luitjen Akselsson"]
[Result "1-0"]
[WhiteElo "1660"]
[BlackElo "1735"]
[Annotator "NA RC"]
[PlyCount "99"]
[EventDate "2018.11.12"]
[EventType "swiss"]
[EventCountry "FAI"]
[SourceTitle "playchess.com"]
[Source "ChessBase"]
[SourceQuality "1"]
[TimeControl "40/5400+30:900+30"]

1. d4 {[%emt 0:00:00]} Nf6 {[%emt 0:00:00]} 2. c4 {[%emt 0:00:00]} g6 {[%emt 0:00:32]} 3. Nc3 {[%emt 0:00:00]} Bg7 {[%emt 0:00:39]} 4. e4 {[%emt 0:00:00]} d6 {[%emt 0:00:17]} 5. Nf3 {[%emt 0:00:00]} O-O {[%emt 0:00:29]} 6. Be2 {[%emt 0:00:04]} e5 {[%emt 0:00:20]} 7. O-O {[%emt 0:00:27]} Nc6 {[%emt 0:00:42]} 8. d5 {[%emt 0:00:07]} Ne7 {[%emt 0:00:08]} 9. b4 {[%emt 0:00:07]} Ne8 {[%emt 0:01:49]} 10. Nd2 {[%emt 0:03:17]} f5 {[%emt 0:01:14]} 11. c5 {[%emt 0:00:49]} f4 {[%emt 0:01:02]} 12. f3 {[%emt 0:00:34]} Rf7 {[%emt 0:02:46]} 13. Nc4 {[%emt 0:01:20]} Bf8 {[%emt 0:02:01]} 14. Ba3 {[%emt 0:01:38]} g5 {[%emt 0:02:33]} 15. b5 {[%emt 0:01:48]} Ng6 {[%emt 0:08:09]} 16. Na4 {[%emt 0:08:02]} h5 {[%emt 0:06:15]} 17. b6 {[%emt 0:01:10]} dxc5 {[%emt 0:11:14]} 18. Nxc5 {[%emt 0:07:25]} Bxc5+ {[%emt 0:24:04]} 19. Bxc5 {[%emt 0:00:11]} axb6 {[%emt 0:00:10]} 20. Bb4 {[%emt 0:02:13]} b5 {[%emt 0:07:11]} 21. Nb2 {[%emt 0:07:59]} c6 {[%emt 0:03:46]} 22. dxc6 {[%emt 0:02:56]} Qb6+ {[%emt 0:01:16]} 23. Kh1 {[%emt 0:00:49]} bxc6 {[%emt 0:00:10]} 24. Nd3 {[%emt 0:05:18]} Ng7 {[%emt 0:04:16]} 25. Bd6 {[%emt 0:08:14]} Qd4 {[%emt 0:03:33]} 26. Nxe5 {[%emt 0:00:48]} Qxd1 {[%emt 0:00:56]} 27. Bxd1 {[%emt 0:02:53]} Nxe5 {[%emt 0:01:17]} 28. Bxe5 {[%emt 0:00:52]} Be6 {[%emt 0:01:17]} 29. Bb3 {[%emt 0:01:23]} Bxb3 {[%emt 0:04:52]} 30. axb3 {[%emt 0:00:06]} Rff8 {[%emt 0:03:38]} 31. h4 {[%emt 0:04:38]} Rxa1 {[%emt 0:06:51]} 32. Rxa1 {[%emt 0:00:07]} gxh4 {[%emt 0:00:15]} 33. Ra6 {[%emt 0:03:43]} Rd8 {[%emt 0:02:15]} 34. Rxc6 {[%emt 0:01:08]} Rd3 {[%emt 0:00:15]} 35. Rg6 {[%emt 0:01:26]} Rd7 {[%emt 0:00:17]} 36. Bxf4 {[%emt 0:10:48]} Kf7 {[%emt 0:00:53]} 37. Rd6 {[%emt 0:09:04]} Rb7 {[%emt 0:00:33]} 38. Kh2 {[%emt 0:01:08]} Ne6 {[%emt 0:00:28]} 39. Bd2 {[%emt 0:03:24]} Ke7 {[%emt 0:00:34]} 40. Rd5 {[%emt 0:00:00]} Ng7 {[%emt 0:00:00]} 41. Kh3 {[%emt 0:05:57]} Kf7 {[%emt 0:04:38]} 42. Kxh4 {[%emt 0:01:26]} Ke7 {[%emt 0:00:28]} 43. Bc3 {[%emt 0:00:41]} Ne6 {[%emt 0:00:30]} 44. Rxh5 {[%emt 0:00:37]} Kd6 {[%emt 0:00:55]} 45. g4 {[%emt 0:01:14]} b4 {[%emt 0:01:31]} 46. Bd2 {[%emt 0:01:27]} Nc5 {[%emt 0:01:23]} 47. g5 {[%emt 0:01:31]} Nxb3 {[%emt 0:00:22]} 48. Be3 {[%emt 0:05:20]} Na1 {[%emt 0:01:34]} 49. Bd4 {[%emt 0:00:51]} Nc2 {[%emt 0:00:06]} 50. Rh6+ {[%emt 0:00:19]} 1-0

[Event "Runavik Open 2018"]
[Site "Runavik"]
[Date "2018.11.16"]
[Round "6"]
[White "Jacobsen, Markus"]
[Black "Petersen, Elias"]
[Result "1-0"]
[WhiteElo "1076"]
[BlackElo "1045"]
[Annotator "NA RC"]
[PlyCount "55"]
[EventDate "2018.11.12"]
[EventType "swiss"]
[EventCountry "FAI"]
[SourceTitle "playchess.com"]
[Source "ChessBase"]
[SourceQuality "1"]
[TimeControl "40/5400+30:900+30"]

1. e4 {[%emt 0:00:00]} e5 {[%emt 0:00:01]} 2. Nf3 {[%emt 0:00:18]} Nc6 {[%emt 0:00:35]} 3. Bc4 {[%emt 0:00:42]} Bc5 {[%emt 0:00:40]} 4. c3 {[%emt 0:02:03]} d6 {[%emt 0:01:27]} 5. d4 {[%emt 0:01:16]} exd4 {[%emt 0:01:02]} 6. cxd4 {[%emt 0:00:22]} Bb6 {[%emt 0:01:12]} 7. O-O {[%emt 0:01:22]} Bg4 {[%emt 0:01:37]} 8. h3 {[%emt 0:03:46]} Bh5 {[%emt 0:00:09]} 9. Re1 {[%emt 0:02:31]} h6 {[%emt 0:01:49]} 10. Bb5 {[%emt 0:03:11]} d5 {[%emt 0:03:00]} 11. exd5+ {[%emt 0:00:29]} Nge7 {[%emt 0:00:37]} 12. dxc6 {[%emt 0:00:40]} O-O {[%emt 0:00:31]} 13. cxb7 {[%emt 0:00:46]} Rb8 {[%emt 0:00:27]} 14. b3 {[%emt 0:02:34]} Nf5 {[%emt 0:01:53]} 15. Ba3 {[%emt 0:00:58]} c5 {[%emt 0:00:35]} 16. g4 {[%emt 0:00:50]} Bxg4 {[%emt 0:00:21]} 17. hxg4 {[%emt 0:00:16]} Nd6 {[%emt 0:00:30]} 18. dxc5 {[%emt 0:00:27]} Nxb5 {[%emt 0:00:32]} 19. cxb6 {[%emt 0:00:30]} Nxa3 {[%emt 0:00:35]} 20. Nxa3 {[%emt 0:00:37]} Qxb6 {[%emt 0:00:30]} 21. g5 {[%emt 0:01:53]} hxg5 {[%emt 0:00:35]} 22. Nxg5 {[%emt 0:00:32]} Qg6 {[%emt 0:00:24]} 23. f4 {[%emt 0:00:58]} f6 {[%emt 0:00:25]} 24. Qd5+ {[%emt 0:02:02]} Kh8 {[%emt 0:00:14]} 25. Re6 {[%emt 0:00:59]} Rfd8 {[%emt 0:00:53]} 26. Qc4 {[%emt 0:02:06]} Qh5 {[%emt 0:01:35]} 27. Kg2 {[%emt 0:05:28]} fxg5 {[%emt 0:01:02]} 28. Rh1 {[%emt 0:00:21]} 1-0

[Event "Runavik Open 2018"]
[Site "Runavik"]
[Date "2018.11.17"]
[Round "7"]
[White "Malakhatko, Vadim"]
[Black "Nielsen, Hogni Egilstoft"]
[Result "1/2-1/2"]
[WhiteElo "2545"]
[BlackElo "2400"]
[Annotator "TA"]
[PlyCount "87"]
[EventDate "2018.11.12"]
[EventType "swiss"]
[EventCountry "FAI"]
[SourceTitle "playchess.com"]
[Source "ChessBase"]
[SourceQuality "1"]

{[%evp 17,87,29,35,17,23,8,10,0,0,0,0,0,0,0,0,0,27,18,33,35,36,32,35,31,32,27,29,29,46,30,43,44,37,31,62,24,24,24,23,19,14,24,51,35,32,35,47,22,24,0,0,0,0,0,0,0,36,36,36,36,36,36,36,36,36,36,36,36,36,36,36,0]} 1. d4 Nf6 2. c4 e6 3. Nf3 b6 4. g3 Bb7 5. Bg2 Be7 6. O-O O-O 7. Nc3 Ne4 8. Bd2 Nxc3 9. Bxc3 Be4 10. b4 {E18: Queen's Indian: Old Main Line (4 g3 Bb7 5 Bg2 Be7 6 0-0 0-0 7 Nc3)} (10. Bh3 Bxf3 11. exf3 d5 12. f4 Bf6 13. Qa4 Qd6 14. cxd5 exd5 15. Bb4 c5 16. dxc5 bxc5 17. Ba3 Na6 {½-½ (29) Gajewski,G (2653)-Rozentalis,E (2611) Haguenau 2013}) 10... c6 11. Qd2 d5 $146 ({Predecessor:} 11... Na6 12. Ne1 Bxg2 13. Nxg2 Nc7 14. a4 a6 15. e4 f5 16. d5 exd5 17. cxd5 cxd5 18. exd5 {0-1 (40) Peev,P-Ajanski,J Sofia 1972}) 12. c5 {The position is equal.} Nd7 13. Rfc1 Qc7 14. Ne1 Bxg2 15. Kxg2 bxc5 16. bxc5 Bf6 17. Nd3 Rab8 18. Rab1 Rxb1 19. Rxb1 Rb8 20. Rxb8+ (20. Rb3 {feels hotter.} Rxb3 21. axb3 Qb7 22. Qb2 g5 23. f3) 20... Qxb8 21. Qb2 Qxb2 22. Bxb2 $11 {[%mdl 4096] Endgame KBN-KBN} Kf8 23. f3 Bg5 24. Nb4 Nb8 25. e4 f5 26. exf5 (26. f4 {keeps more tension.} Bd8 27. e5 Ba5 28. Nd3 Na6 29. a3) 26... exf5 27. Kf2 Ke8 28. Ke2 Kd8 29. Bc3 Kc7 30. Bd2 Bxd2 31. Kxd2 $14 {KN-KN} Nd7 32. Nc2 Nf8 33. h4 Ne6 34. Kd3 g6 35. Ne1 f4 36. g4 $1 h6 37. Kc3 {White is slightly better.} g5 38. h5 Nd8 39. Nd3 Nf7 $1 40. Kb4 Kb8 41. Ka5 Kb7 42. a3 Kb8 43. Ka6 Ka8 $1 44. Ka5 {Accuracy: White = 54%, Black = 69%.} 1/2-1/2

[Event "Runavik Open 2018"]
[Site "Runavik"]
[Date "2018.11.17"]
[Round "7"]
[White "Bernadskiy, Vitaliy"]
[Black "Karpatchev, Aleksandr"]
[Result "1/2-1/2"]
[WhiteElo "2544"]
[BlackElo "2416"]
[Annotator "TA"]
[PlyCount "175"]
[EventDate "2018.11.12"]
[EventType "swiss"]
[EventCountry "FAI"]
[SourceTitle "playchess.com"]
[Source "ChessBase"]
[SourceQuality "1"]

{[%evp 17,175,28,28,26,32,23,59,10,23,0,3,14,9,7,10,2,8,15,20,1,8,16,23,7,14,7,6,9,11,20,26,0,23,15,20,14,19,0,29,0,18,18,92,106,106,91,107,102,105,113,104,96,91,101,131,61,54,23,31,23,97,2,40,0,0,0,0,0,0,0,0,0,0,0,0,0,0,0,0,0,0,0,0,0,0,0,0,0,0,0,0,0,0,0,0,0,0,0,0,0,0,0,0,0,0,0,0,0,0,0,0,0,0,0,0,0,0,0,0,0,0,0,0,0,0,0,0,0,0,0,0,0,0,0,0,0,0,0,0,0,0,0,0,0,0,0,0,0,0,0,0,0,0,0,0,0,0,0,0,0]} 1. b3 e5 2. Bb2 Nc6 3. e3 Nf6 4. Bb5 Bd6 5. Na3 Be7 6. Nc4 {A01: Nimzowitsch-Larsen Opening} e4 7. Bxc6 dxc6 (7... bxc6 8. Ne2 a5 9. O-O a4 10. d3 exd3 11. cxd3 axb3 12. axb3 Rxa1 13. Qxa1 {1-0 (27) Karjakin,S (2782)-Giri,A (2782) Leuven 2018}) 8. Ne2 O-O 9. O-O Bg4 {LiveBook: 3 Games} 10. h3 Bh5 11. Qe1 Nd5 $146 ({Predecessor:} 11... Bg6 12. Nf4 Nd5 13. Nxg6 fxg6 {½-½ (27) Ott,P (2171)-Kuerten,D (2119) ICCF email 2015}) 12. Ng3 Bg6 13. Ne5 Bf6 14. Nxg6 hxg6 15. Bxf6 Nxf6 16. f3 Qd5 17. fxe4 Nxe4 18. d3 Nxg3 19. Qxg3 Qd6 20. Rf4 Rae8 21. Qf2 Re5 22. Rf1 {[%cal Rf4f7]} Qe7 23. e4 c5 24. Qf3 b6 25. Rf2 a5 26. a4 Qd7 27. Rg4 Re6 28. Rf4 Re5 29. h4 g5 {[#]} (29... Rh5 $11) 30. Rg4 $1 $16 Qe7 31. Qg3 {[%cal Rh4g5]} f6 32. hxg5 fxg5 33. Rxf8+ Kxf8 {[%mdl 4096] Endgame KQR-KQR} 34. Qh3 Kg8 35. Rg3 Qd8 36. Qh5 (36. Kf2 $16) 36... Qd4+ $14 37. Kh2 Qd6 38. Qg4 (38. Rh3 g4 $19) 38... Re6 39. c3 (39. Qxg5 $16 {[%csl Gg3][%cal Rg5g7]} Rh6+ 40. Kg1 Qd4+ 41. Kf1 Rh1+ 42. Ke2) 39... Qe5 40. Kg1 Rd6 {The position is equal.} 41. Qc8+ Kh7 42. Qf5+ Qxf5 43. exf5 $11 {KR-KR} g6 44. Rxg5 gxf5 45. Rxf5 Rxd3 46. Rf3 Rd1+ 47. Kf2 Rd2+ 48. Kg3 Kg6 49. c4 Kg5 50. Re3 Kf5 51. Kf3 Rb2 52. g3 Rd2 53. g4+ Kf6 54. Kf4 Rd4+ 55. Re4 Rd1 56. g5+ Kf7 57. Kf5 Rf1+ 58. Rf4 Re1 59. Rf3 Re2 60. Kg4+ Kg7 61. Rf6 Re3 62. Rc6 Rxb3 63. Rxc7+ Kg6 64. Rc6+ Kg7 65. Kf5 Rf3+ 66. Ke5 Re3+ 67. Kd5 Rd3+ 68. Ke4 Rd4+ 69. Kf5 Rxc4 70. Rxb6 Rxa4 71. Rb7+ Kf8 72. Rc7 Rb4 73. Kg6 (73. Rxc5 {is more complex.} a4 74. g6 a3 75. Ra5 Kg7 76. Ra7+) 73... a4 74. Rxc5 Ke7 75. Kh7 {next Ra5 is good for White.} Rh4+ 76. Kg7 Kd6 77. Ra5 {Threatens to win with g6.} Kc6 78. g6 {[#] Strongly threatening Kf6.} Kb6 $1 {[%cal Rb6a5]} 79. Rg5 (79. Ra8 {seems wilder.} Kb7 80. Re8 a3 81. Re2 Kb6 82. Kf6) 79... a3 80. Rg1 Kb5 81. Kf7 Kc4 82. g7 Rh7 83. Ke6 Rxg7 $1 84. Rxg7 a2 85. Rg1 Kb3 86. Kd5 Kb2 87. Rg2+ Kb3 88. Rxa2 {Accuracy: White = 64%, Black = 85%.} 1/2-1/2